000
00310 a2200121 4500
000
nam a22 7a 4500
005
20260302153309.0
020
_a
9788177021059
100
_a
Bhagwatilal Rajpurohit
_9
1123501
245
_a
Yuktikalpatru of SriBhojraja
260
_b
Pratibha Prakashan
_c
2023
942
_c
TEXL
999
_c
1688411
_d
1688411